Nghiên cứu chiết tách xác định thành phần hoá học và một số cấu trúc Flavonoid trong lá cây yên bạch
Tổng quan. Những nghiên cứu thực nghiệm. Kết quả và bàn luận
Đã lưu trong:
| Tác giả chính: | |
|---|---|
| Tác giả khác: | |
| Định dạng: | Sách |
| Ngôn ngữ: | Vietnamese |
| Được phát hành: |
Đà Nẵng
Đại học Đà Nẵng
2010
|
| Những chủ đề: | |
| Các nhãn: |
Thêm thẻ
Không có thẻ, Là người đầu tiên thẻ bản ghi này!
|
| Thư viện lưu trữ: | Mạng thư viện Đại học Đà Nẵng |
|---|
| LEADER | 01451nam a2200361 4500 | ||
|---|---|---|---|
| 001 | 000010382 | ||
| 003 | 6585 | ||
| 005 | 20111213141235.0 | ||
| 008 | 111213s2010 viesd | ||
| 041 | |a vie | ||
| 072 | |a Luận văn Thạc sĩ Khoa học | ||
| 082 | |a 664.022 |b PH-H | ||
| 100 | |a Phùng Thị Xuân Hiệp | ||
| 245 | |a Nghiên cứu chiết tách xác định thành phần hoá học và một số cấu trúc Flavonoid trong lá cây yên bạch |c Phùng Thị Xuân Hiệp | ||
| 260 | |a Đà Nẵng |b Đại học Đà Nẵng |c 2010 | ||
| 300 | |a 79 tr. |c 29 cm | ||
| 500 | |a Luận văn Thạc sĩ. Chuyên ngành: Hóa hữu cơ. Mã số: 60.44.27 | ||
| 520 | |a Tổng quan. Những nghiên cứu thực nghiệm. Kết quả và bàn luận | ||
| 653 | |a Cây yên bạch | ||
| 653 | |a cấu trúc Flavonoid | ||
| 653 | |a Luận văn Thạc sĩ Hóa hữu cơ | ||
| 653 | |a Hóa học | ||
| 700 | |a Đào Hùng Cường |c PGS.TS |e Hướng dân | ||
| OWN | |a LSP | ||
| AVA | |a UDN50 |b LSP |d 664.022 PH-H |e available |t Error 5001 Not defined in file expand_doc_bib_avail. |f 1 |g 0 |h N |i 0 |k 1 | ||
| 999 | |a From the UDN01 | ||
| AVA | |a UDN50 |b LSP |d 664.022 PH-H |e available |t Error 5001 Not defined in file expand_doc_bib_avail. |f 1 |g 0 |h N |i 0 |k 1 | ||
| TYP | |a Monograph | ||
| TYP | |a Printed language | ||
| 980 | |a Mạng thư viện Đại học Đà Nẵng | ||